Central Library OPAC University of Rajshahi

Business mathematics for colleges / (Record no. 69672)

MARC details
000 -LEADER
fixed length control field 00729nam a22002537a 4500
001 - CONTROL NUMBER
control field 69672
003 - CONTROL NUMBER IDENTIFIER
rucl marc code BD-RjUL
005 - DATE AND TIME OF LATEST TRANSACTION
control field 20211209081919.0
008 - FIXED-LENGTH DATA ELEMENTS--GENERAL INFORMATION
fixed length control field 170413s1984 ilua|||| |||| 001 0 eng d
020 ## - INTERNATIONAL STANDARD BOOK NUMBER
International Standard Book Number 025602989X
035 ## - SYSTEM CONTROL NUMBER
System control number (BD-RjUL)69884
040 ## - CATALOGING SOURCE
Original cataloging agency BD-RjUL
Language of cataloging eng
Transcribing agency BD-RjUL
041 ## - LANGUAGE CODE
Language code of text/sound track or separate title eng
082 ## - DEWEY DECIMAL CLASSIFICATION NUMBER
Edition number 19
Classification number 513.93
Author mark and year VAB 1984
100 1# - MAIN ENTRY--PERSONAL NAME
Personal name Vazsonyi, Andrew
9 (RLIN) 206374
245 10 - TITLE STATEMENT
Title Business mathematics for colleges /
Statement of responsibility, etc. Andrew Vazsonyi and Richard Brunell.
250 ## - EDITION STATEMENT
Edition statement 3rd ed.
260 ## - PUBLICATION, DISTRIBUTION, ETC. (IMPRINT)
Place of publication, distribution, etc. Homewood, IL :
Name of publisher, distributor, etc. R.D. Irwin,
Date of publication, distribution, etc. c1984.
300 ## - PHYSICAL DESCRIPTION
Pagination viii, 316 p. :
Illustrations ill. ;
Size 28 cm.
500 ## - GENERAL NOTE
General note Includes index.
650 ## - SUBJECT ADDED ENTRY--TOPICAL TERM
Topical term or geographic name as entry element Business mathematics.
9 (RLIN) 206375
700 ## - ADDED ENTRY--PERSONAL NAME
Personal name Brunell, Richard.
942 ## - ADDED ENTRY ELEMENTS (KOHA)
Source of classification or shelving scheme Dewey Decimal Classification
Koha item type Books
Holdings
Lost status Source of classification or shelving scheme Damaged status Not for loan Collection code Permanent Location Current Location Shelving location Date acquired Total Checkouts Full call number Date last seen Copy number Koha item type
  Dewey Decimal Classification   Not For Loan Non-fiction Central Library, University of Rajshahi Central Library, University of Rajshahi Reading Room 30/07/1087   513.93 VAB 1984 13/04/2017 C-1 Books